[Event "Manila"]
[Site "Manila"]
[Date "1974.??.??"]
[Round "14"]
[White "Kavalek, Lubomir"]
[Black "Gheorghiu, Florin"]
[Result "1/2-1/2"]
[WhiteElo "2625"]
[BlackElo "2540"]
[PlyCount "26"]
[EventDate "1974.??.??"]
[Source "ChessBase"]

1. e4 c5 2. Nf3 d6 3. d4 cxd4 4. Nxd4 Nf6 5. Nc3 Nc6 6. Bg5 e6 7. Bc4 Be7 8. Qe2 O-O 9. Bb3 a6 10. O-O-O Qc7 11. Kb1 Na5 12. g4 Nxb3 13. axb3 b5 1/2-1/2

[Event "ch"]
[Site "ch Elista"]
[Date "1994.??.??"]
[Round "9"]
[White "Tiviakov, Sergei"]
[Black "Tseshkovsky, Vitaly V"]
[Result "1/2-1/2"]
[WhiteElo "2630"]
[BlackElo "2515"]
[PlyCount "87"]
[EventDate "1994.??.??"]
[Source "www.chesslib.no"]
[SourceDate "2004.05.04"]

1. e4 c5 2. Nf3 Nc6 3. d4 cxd4 4. Nxd4 Nf6 5. Nc3 d6 6. Bg5 e6 7. Bb5 Bd7 8. Bxc6 bxc6 9. Qf3 h6 10. Bh4 e5 11. Nf5 Bxf5 12. Qxf5 Qd7 13. Qf3 Be7 14. O-O g5 15. Bg3 h5 16. h4 Qg4 17. Qxg4 hxg4 18. hxg5 Nh5 19. g6 fxg6 20. Ne2 O-O-O 21. Rfd1 Rh7 22. c4 Rdh8 23. Kf1 Rf8 24. Rac1 Kc7 25. Rc2 Bg5 26. Rd3 Nf6 27. c5 Nxe4 28. cxd6+ Kd7 29. Nc3 Nc5 30. Rd1 Bf4 31. Bxf4 exf4 32. b4 Rh1+ 33. Ke2 Re8+ 34. Kd2 Rc8 35. Ne2 Rd8 36. Ra1 Rb8 37. b5 cxb5 38. Nc3 Kc8 39. Rxh1 Kd7 40. Na4 Rb7 41. Rc4 Kd8 42. Nc3 Nd7 43. Rc7 Nf8 44. Na4 1/2-1/2

[Event "CZE Team Ch 9495"]
[Site "Czech Republic"]
[Date "1995.??.??"]
[Round "8"]
[White "Mokry, Karel"]
[Black "Hracek, Zbynek"]
[Result "1/2-1/2"]
[WhiteElo "2525"]
[BlackElo "2595"]
[PlyCount "27"]
[EventDate "1994.??.??"]
[Source "www.chesslib.no"]
[SourceDate "2004.05.04"]

1. e4 c5 2. Nf3 d6 3. d4 cxd4 4. Nxd4 Nf6 5. Nc3 Nc6 6. Bg5 e6 7. Be2 Be7 8. Qd3 O-O 9. Rd1 Nxd4 10. Qxd4 Qa5 11. Bd2 Qc7 12. O-O a6 13. Bg5 Rd8 14. Na4 1/2-1/2

[Event "Keres mem rap"]
[Site "Tallinn"]
[Date "2004.01.03"]
[Round "1"]
[White "Sulskis, Sarunas"]
[Black "Brodsky, Michail"]
[Result "1/2-1/2"]
[WhiteElo "2582"]
[BlackElo "2528"]
[PlyCount "113"]
[EventDate "2004.01.03"]
[Source "ChessBase"]
[SourceDate "2004.06.01"]

1. e4 c5 2. Nf3 e6 3. Nc3 Nf6 4. d4 cxd4 5. Nxd4 Nc6 6. Bg5 d6 7. Nb3 a6 8. Qd2 Be7 9. O-O-O Qb6 10. f3 O-O 11. h4 Rd8 12. Qe1 Qc7 13. Kb1 b5 14. g4 Ne5 15. Nd4 b4 16. Nce2 Bb7 17. Ng3 Rdc8 18. Nh5 Ned7 19. Bd3 Re8 20. Qxb4 d5 21. Qe1 dxe4 22. fxe4 Qc6 23. Nb3 Qc7 24. Rf1 Nxg4 25. Bf4 e5 26. Qg3 exf4 27. Qxg4 g6 28. Nxf4 Ne5 29. Qg2 Bxh4 30. Nd5 Bxd5 31. exd5 Nxd3 32. Rxd3 Rad8 33. a3 Re1+ 34. Rxe1 Bxe1 35. Nd4 Bh4 36. Nc6 Rd7 37. Qe4 Bf6 38. Rb3 h5 39. c4 Qd6 40. Ka2 Kh7 41. Qe8 Rc7 42. Qb8 Rxc6 43. dxc6 Qxc6 44. Qb6 Qxb6 45. Rxb6 Be5 46. c5 h4 47. Rb4 g5 48. Re4 Bb8 49. Re8 Bf4 50. c6 h3 51. Re7 h2 52. Rxf7+ Kg6 53. Rxf4 h1=Q 54. Rc4 Qd5 55. b3 Qd2+ 56. Kb1 Qd1+ 57. Kb2 1/2-1/2

[Event "20th Open"]
[Site "Cappelle la Grande"]
[Date "2004.03.04"]
[Round "7"]
[White "Meijers, Viesturs"]
[Black "Kharlov, Andrei"]
[Result "1/2-1/2"]
[WhiteElo "2499"]
[BlackElo "2607"]
[PlyCount "58"]
[EventDate "2004.02.28"]
[Source "Roberto Alvarez"]
[SourceDate "2004.03.08"]

1. e4 c5 2. Nf3 Nc6 3. d4 cxd4 4. Nxd4 Nf6 5. Nc3 d6 6. Bg5 e6 7. Be2 Be7 8. O-O O-O 9. Kh1 a6 10. a4 h6 11. Be3 e5 12. Nb3 Be6 13. f4 exf4 14. Bxf4 d5 15. exd5 Nxd5 16. Nxd5 Qxd5 17. Qxd5 Bxd5 18. Rad1 Be4 19. Bd3 Bxd3 20. Rxd3 Rad8 21. Rfd1 Nb4 22. Rxd8 Rxd8 23. Rxd8+ Bxd8 24. Bd2 Nxc2 25. Nc5 b5 26. b3 Nd4 27. Bc3 Ne2 28. Bd2 Nd4 29. Bc3 Ne2 1/2-1/2

[Event "Bundesliga 9900"]
[Site "Germany"]
[Date "2000.02.19"]
[Round "10"]
[White "Mueller, Karsten"]
[Black "Baklan, Vladimir"]
[Result "1-0"]
[WhiteElo "2527"]
[BlackElo "2571"]
[PlyCount "49"]
[EventDate "1999.10.??"]
[Source "ChessBase"]
[SourceDate "2000.03.10"]

1. e4 c5 2. Nf3 d6 3. d4 cxd4 4. Nxd4 Nf6 5. Nc3 Nc6 6. Bg5 e6 7. Be2 a6 8. Qd2 Be7 9. O-O-O Bd7 10. f4 h6 11. Bh4 Rc8 12. Nf3 Nb4 13. Kb1 d5 14. Ne5 Qa5 15. a3 Rxc3 16. Qxc3 Nxe4 17. Qh3 Nc6 18. Nxd7 Bxh4 19. Qxh4 Kxd7 20. f5 exf5 21. Qf4 g6 22. Bc4 Qa4 23. Rxd5+ Ke7 24. Qc7+ Kf6 25. Bb3 1-0

[Event "Pardubice Open"]
[Site "Pardubice CZE"]
[Date "1994.??.??"]
[Round "5"]
[White "Mokry, Karel"]
[Black "Hausner, Ivan"]
[Result "1/2-1/2"]
[WhiteElo "2520"]
[BlackElo "2480"]
[PlyCount "39"]
[EventDate "1994.07.??"]
[Source "www.chesslib.no"]
[SourceDate "2004.05.04"]

1. e4 c5 2. Nf3 d6 3. d4 cxd4 4. Nxd4 Nf6 5. Nc3 Nc6 6. Bg5 e6 7. Be2 a6 8. Qd3 Bd7 9. Rd1 Be7 10. O-O h6 11. Bc1 Nxd4 12. Qxd4 Bc6 13. Qe3 Qc7 14. Bd3 d5 15. exd5 Nxd5 16. Nxd5 Bxd5 17. b3 Bg5 18. Qh3 Bxc1 19. Rxc1 Qf4 20. Rfe1 1/2-1/2

[Event "XXIV ECC"]
[Site "Kallithea GRE"]
[Date "2008.10.18"]
[Round "2"]
[White "Heimann, An"]
[Black "Greenfeld, A."]
[Result "1/2-1/2"]
[WhiteElo "2428"]
[BlackElo "2560"]
[PlyCount "110"]
[EventDate "2008.10.17"]
[Source "www.chesslib.no"]
[SourceDate "2004.05.04"]

1. e4 c5 2. Nf3 Nc6 3. d4 cxd4 4. Nxd4 Nf6 5. Nc3 d6 6. Bg5 e6 7. Bb5 Bd7 8. Bxc6 bxc6 9. Qf3 h6 10. Bh4 e5 11. Nf5 Bxf5 12. Qxf5 Qd7 13. Qf3 Nh7 14. O-O Ng5 15. Bxg5 hxg5 16. Nd1 Rh4 17. g3 Qh3 18. Qh1 Rh7 19. Ne3 Be7 20. Qg2 Qe6 21. Rfd1 g6 22. Qf1 Kf8 23. Qc4 Qd7 24. Rd2 Kg7 25. Rad1 Rah8 26. f3 a5 27. Qc3 Qa7 28. Kh1 Rh3 29. Nf1 Qb6 30. b3 a4 31. Qc4 Ra8 32. Kg2 Rhh8 33. Qd3 axb3 34. cxb3 Ra3 35. Rc2 Rha8 36. Rdd2 g4 37. fxg4 R3a5 38. Rf2 Qd4 39. Qf3 R8a7 40. h4 Bd8 41. h5 Bg5 42. hxg6 f6 43. Rce2 d5 44. Ne3 dxe4 45. Nf5+ Kxg6 46. Nxd4 exf3+ 47. Nxf3 e4 48. Nxg5 Kxg5 49. Rf5+ Kg6 50. Rxe4 Rxa2+ 51. Rf2 Rxf2+ 52. Kxf2 Ra2+ 53. Kf3 Rc2 54. Kf4 c5 55. g5 Rf2+ 1/2-1/2

[Event "CRO-ch"]
[Site "Slavonski Brod"]
[Date "1995.??.??"]
[Round "?"]
[White "Jukic, Branimir"]
[Black "Kozul, Zdenko"]
[Result "0-1"]
[WhiteElo "2415"]
[BlackElo "2570"]
[PlyCount "96"]
[EventDate "1995.02.??"]
[Source "ChessBase"]

1. e4 c5 2. Nf3 Nc6 3. d4 cxd4 4. Nxd4 Nf6 5. Nc3 d6 6. Bg5 e6 7. Bb5 Bd7 8. Bxc6 bxc6 9. Qf3 h6 10. Bh4 e5 11. Nf5 Bxf5 12. Qxf5 Be7 13. O-O g5 14. Bg3 h5 15. Rad1 Nd7 16. h3 h4 17. Bh2 Qc8 18. b4 Nb6 19. Qf3 Rg8 20. b5 g4 21. hxg4 Qxg4 22. Qxg4 Rxg4 23. bxc6 Rc8 24. f3 Rg6 25. Kh1 Rxc6 26. Rd3 Nd7 27. Rb1 Bd8 28. Bg1 Nf6 29. Bxa7 Nh5 30. Be3 Ba5 31. Rb8+ Kd7 32. Nd5 h3 33. g4 Ng3+ 34. Kh2 Nf1+ 35. Kxh3 Rxc2 36. g5 Rh2+ 37. Kg4 Rg2+ 38. Kh3 Rh2+ 39. Kg4 Rg2+ 40. Kh3 Rg3+ 41. Kh4 Rxf3 42. Rb7+ Kc8 43. Rb1 Bd8 44. Rb8+ Kxb8 45. Ba7+ Kxa7 46. Rxf3 Rh6+ 47. Kg4 Nh2+ 48. Kf5 Rf6+ 0-1

[Event "RUS Team Ch"]
[Site "Podolsk RUS"]
[Date "1992.??.??"]
[Round "?"]
[White "Chernyshov, Konstantin"]
[Black "Ionov, Sergey"]
[Result "1-0"]
[WhiteElo "2485"]
[BlackElo "2500"]
[PlyCount "64"]
[EventDate "1992.??.??"]
[Source "www.chesslib.no"]
[SourceDate "2004.05.04"]

1. e4 c5 2. Nf3 d6 3. d4 cxd4 4. Nxd4 Nf6 5. Nc3 Nc6 6. Bg5 e6 7. g3 h6 8. Be3 Be7 9. Bg2 Bd7 10. O-O O-O 11. Qe2 a6 12. Rad1 Qc7 13. f4 Rac8 14. a4 Nxd4 15. Bxd4 e5 16. Be3 Bg4 17. Bf3 Bxf3 18. Qxf3 b5 19. axb5 axb5 20. Rf2 b4 21. Nd5 Nxd5 22. Rxd5 Bf6 23. f5 Qe7 24. h4 Rc6 25. Bd2 Rb8 26. Qb3 Qc7 27. Bxb4 Rc4 28. c3 Rxe4 29. Qd1 Ra8 30. Rxd6 Qc4 31. b3 Qb5 32. Kh2 Re3 1-0

[Event "Arad ROM"]
[Site "?"]
[Date "2006.05.21"]
[Round "2"]
[White "Landenbergue Claude"]
[Black "Shishkin Vadim"]
[Result "1/2-1/2"]
[WhiteElo "2435"]
[BlackElo "2541"]
[PlyCount "48"]
[EventDate "2006.??.??"]
[Source "www.chesslib.no"]
[SourceDate "2004.05.04"]

1. e4 c5 2. Nf3 Nc6 3. d4 cxd4 4. Nxd4 Nf6 5. Nc3 d6 6. Bg5 e6 7. Bb5 Qb6 8. Bxf6 gxf6 9. Nd5 exd5 10. exd5 Bd7 11. dxc6 bxc6 12. Ba4 Qa6 13. Qe2+ Qxe2+ 14. Kxe2 Rc8 15. Rhd1 Rg8 16. Kf1 Kd8 17. Rd3 Kc7 18. Re1 d5 19. Rf3 Rb8 20. b3 Rg6 21. Nf5 Rg5 22. Nd4 Rg6 23. Nf5 Rg5 24. Nd4 Rg6 1/2-1/2

[Event "Bad Woerishofen op"]
[Site "Bad Woerishofen"]
[Date "1997.??.??"]
[Round "8"]
[White "Milov, Leonid"]
[Black "Wells, Peter K"]
[Result "0-1"]
[WhiteElo "2480"]
[BlackElo "2495"]
[PlyCount "56"]
[EventDate "1997.03.07"]
[Source "www.chesslib.no"]
[SourceDate "2004.05.04"]

1. e4 c5 2. Nf3 Nc6 3. d4 cxd4 4. Nxd4 Nf6 5. Nc3 d6 6. Bg5 e6 7. Bb5 Qb6 8. Bxf6 gxf6 9. Nd5 exd5 10. exd5 a6 11. Qe2+ Kd8 12. Nxc6+ bxc6 13. Bxc6 Ra7 14. O-O Re7 15. Qf3 f5 16. Rae1 Rg8 17. h3 Qb4 18. c3 Qxb2 19. Qd3 Bh6 20. Qd4 Qd2 21. Qb6+ Rc7 22. h4 Qxc3 23. Re7 Kxe7 24. Qxc7+ Kf6 25. Qxd6+ Kg7 26. Qc7 Qf6 27. Rd1 Rd8 28. d6 Bf4 0-1

[Event "Helsinki"]
[Site "Helsinki"]
[Date "1984.??.??"]
[Round "?"]
[White "Rantanen, Yrjo A"]
[Black "Balashov, Yuri S"]
[Result "0-1"]
[WhiteElo "2440"]
[BlackElo "2535"]
[PlyCount "84"]
[EventDate "1984.06.??"]
[Source "ChessBase"]

1. e4 c5 2. Nf3 Nc6 3. Nc3 d6 4. d4 cxd4 5. Nxd4 Nf6 6. Bg5 e6 7. Be2 Be7 8. O-O O-O 9. Kh1 a6 10. f4 Qc7 11. Nf3 b5 12. a3 Bb7 13. Bd3 b4 14. Ne2 h6 15. Bh4 bxa3 16. bxa3 Na5 17. e5 dxe5 18. fxe5 Nd5 19. Qe1 Nc4 20. Ned4 Nde3 21. Bxe7 Qxe7 22. Rf2 Rfd8 23. Re2 Qc5 24. Nb3 Qb6 25. Qb4 Bxf3 26. gxf3 Rab8 27. Qc3 Rbc8 28. Rg1 Nxa3 29. Qe1 Naxc2 30. Qg3 g5 31. Qh4 Rxd3 32. Qxh6 g4 33. Nd2 Rd4 34. Ne4 Rxe4 35. fxe4 Qd4 36. Qf4 Rc4 37. Rxg4+ Nxg4 38. Qxg4+ Kf8 39. Rg2 Qxe4 40. Qg5 Qe1+ 41. Rg1 Qe4+ 42. Rg2 Rd4 0-1

[Event "Linares zt"]
[Site "Linares"]
[Date "1995.??.??"]
[Round "10"]
[White "Prie, Eric"]
[Black "Santo Roman, Marc"]
[Result "1-0"]
[WhiteElo "2480"]
[BlackElo "2485"]
[PlyCount "67"]
[EventDate "1995.11.??"]
[Source "ChessBase"]

1. e4 c5 2. Nf3 Nc6 3. Nc3 d6 4. d4 cxd4 5. Nxd4 Nf6 6. Bg5 e6 7. Bb5 Bd7 8. Bxc6 bxc6 9. Qf3 Qa5 10. Bxf6 gxf6 11. Qxf6 Rg8 12. Qf3 Bg7 13. O-O-O Qg5+ 14. Kb1 Bxd4 15. Rxd4 Qxg2 16. Qxg2 Rxg2 17. Rxd6 Ke7 18. Rd2 Rag8 19. Nd1 Rg1 20. Rxg1 Rxg1 21. Kc1 e5 22. f3 Be6 23. Rf2 h5 24. Kd2 h4 25. b3 h3 26. Ne3 Kf6 27. Rf1 Rg8 28. Ke2 Rd8 29. Rd1 Rg8 30. Rd6 Rg1 31. Kf2 Rh1 32. Nf1 Kg5 33. Rxc6 Kf4 34. c4 1-0

[Event "CRO-ch"]
[Site "Slavonski Brod"]
[Date "1995.??.??"]
[Round "?"]
[White "Jukic, Branimir"]
[Black "Palac, Mladen"]
[Result "1/2-1/2"]
[WhiteElo "2415"]
[BlackElo "2545"]
[PlyCount "23"]
[EventDate "1995.02.??"]
[Source "ChessBase"]

1. e4 c5 2. Nf3 Nc6 3. d4 cxd4 4. Nxd4 Nf6 5. Nc3 d6 6. Bg5 e6 7. Bb5 Bd7 8. Bxc6 bxc6 9. Qf3 e5 10. Nf5 Bxf5 11. Qxf5 Qd7 12. Qxd7+ 1/2-1/2

[Event "It (Open) Baku AZE"]
[Site "?"]
[Date "2006.05.05"]
[Round "2"]
[White "Bajarani Ilgar"]
[Black "Miroshnichenko Evgenij"]
[Result "0-1"]
[WhiteElo "2352"]
[BlackElo "2608"]
[PlyCount "82"]
[EventDate "2006.??.??"]
[Source "www.chesslib.no"]
[SourceDate "2004.05.04"]

1. e4 c5 2. Nf3 d6 3. Nc3 Nc6 4. d4 cxd4 5. Nxd4 Nf6 6. Bg5 e6 7. Bb5 Bd7 8. O-O Be7 9. Bxc6 bxc6 10. e5 dxe5 11. Nf3 Qb8 12. Rb1 Nd5 13. Bxe7 Kxe7 14. Re1 f6 15. Ne4 Rd8 16. c4 Nf4 17. Qa4 a5 18. g3 Nd3 19. Re3 Be8 20. Qa3+ Nb4 21. Ne1 Bg6 22. Rc1 Kf7 23. c5 Bxe4 24. Rxe4 Rd5 25. Ng2 Qb5 26. Rec4 Nd3 27. R1c2 Nxb2 28. Qxb2 Rd1+ 29. Ne1 Rxe1+ 30. Kg2 Rb1 31. Qc3 Rd8 32. a4 Qa6 33. Qf3 g6 34. g4 Rdd1 35. Qe3 g5 36. Qe4 Kg7 37. R2c3 Rg1+ 38. Kh3 Qb7 39. Rd3 Rb3 40. Rcc3 Rxc3 41. Rxc3 Qb1 0-1

[Event "Helsinki Open"]
[Site "Helsinki FIN"]
[Date "1984.??.??"]
[Round "?"]
[White "Rantanen, Yrjo A"]
[Black "Yrjola, Jouni"]
[Result "0-1"]
[WhiteElo "2440"]
[BlackElo "2515"]
[PlyCount "56"]
[EventDate "1984.??.??"]
[Source "www.chesslib.no"]
[SourceDate "2004.05.04"]

1. e4 c5 2. Nf3 d6 3. d4 cxd4 4. Nxd4 Nf6 5. Nc3 Nc6 6. Bg5 e6 7. Be2 Be7 8. O-O a6 9. Kh1 Bd7 10. f4 Qc7 11. Nf3 h6 12. Bh4 g5 13. fxg5 hxg5 14. Bxg5 O-O-O 15. Qd2 d5 16. Bxf6 Bxf6 17. exd5 Nd4 18. d6 Qxd6 19. Ne4 Qc7 20. Bd3 Nxf3 21. gxf3 Be5 22. Rf2 f5 23. Nc3 Bc6 24. Ne2 Bxf3+ 25. Rxf3 Rxh2+ 26. Kg1 Rg8+ 27. Kf1 Rh1+ 28. Kf2 Rxa1 0-1

[Event "Acropolis IM Open"]
[Site "Athens"]
[Date "2004.11.22"]
[Round "7"]
[White "Fontaine, Robert"]
[Black "Moutousis, Konstantinos"]
[Result "1/2-1/2"]
[WhiteElo "2531"]
[BlackElo "2422"]
[PlyCount "71"]
[EventDate "2004.11.16"]
[Source "Roberto Alvarez"]
[SourceDate "2004.11.29"]

1. e4 c5 2. Nf3 Nc6 3. d4 cxd4 4. Nxd4 Nf6 5. Nc3 d6 6. Bg5 e6 7. Bb5 Bd7 8. Bxc6 bxc6 9. Qf3 Qb6 10. O-O-O Be7 11. e5 dxe5 12. Nb3 Rd8 13. Bxf6 gxf6 14. Ne4 f5 15. Nd6+ Bxd6 16. Rxd6 Ke7 17. Rhd1 Bc8 18. R6d2 Rxd2 19. Nxd2 Rd8 20. Qa3+ Ke8 21. Qg3 Qd4 22. Qg8+ Ke7 23. Qg5+ Ke8 24. c3 Qa4 25. Qg8+ Ke7 26. Qg5+ Ke8 27. Qg8+ Ke7 28. Qxh7 Ba6 29. Qh5 Qxa2 30. Nb3 Bd3 31. Qh4+ Ke8 32. Qh8+ Ke7 33. Qh4+ Ke8 34. Qh8+ Ke7 35. Qh4+ Ke8 36. Qh8+ 1/2-1/2

[Event "National op"]
[Site "Las Vegas"]
[Date "1996.??.??"]
[Round "?"]
[White "Kreiman, Boris"]
[Black "Gurevich, Dmitry"]
[Result "0-1"]
[WhiteElo "2415"]
[BlackElo "2535"]
[PlyCount "90"]
[EventDate "1996.??.??"]
[Source "www.chesslib.no"]
[SourceDate "2004.05.04"]

1. e4 c5 2. Nf3 Nc6 3. d4 cxd4 4. Nxd4 Nf6 5. Nc3 d6 6. Bg5 e6 7. Bb5 Bd7 8. Bxc6 Bxc6 9. Nxc6 bxc6 10. Qf3 Qb6 11. O-O Be7 12. b3 h6 13. Bh4 g5 14. Bg3 e5 15. Na4 Qc7 16. Qe2 h5 17. f3 h4 18. Bf2 h3 19. g3 Rg8 20. c4 g4 21. Nc3 gxf3 22. Qxf3 Qd7 23. Qd3 Rd8 24. Rad1 Rg6 25. Be3 a6 26. Rf5 Qe6 27. Rdf1 d5 28. Bg5 dxe4 29. Qe2 Rd4 30. Bxf6 Rxf6 31. Rxf6 Bxf6 32. Nxe4 Be7 33. g4 Qh6 34. Qf3 Qg6 35. Nf2 Bc5 36. Kh1 Rf4 37. Qe2 Qf6 38. Kg1 Kf8 39. b4 Bd4 40. a4 Qe6 41. b5 cxb5 42. cxb5 axb5 43. axb5 Qxg4+ 44. Qxg4 Rxg4+ 45. Kh1 Rf4 0-1

[Event "It (Open) Moscow RUS"]
[Site "?"]
[Date "2006.02.12"]
[Round "6"]
[White "Safarli Eltaj"]
[Black "Lugovoi Aleksei"]
[Result "1/2-1/2"]
[WhiteElo "2417"]
[BlackElo "2531"]
[PlyCount "73"]
[EventDate "2006.??.??"]
[Source "www.chesslib.no"]
[SourceDate "2004.05.04"]

1. e4 c5 2. Nf3 d6 3. d4 cxd4 4. Nxd4 Nf6 5. Nc3 Nc6 6. Bb5 Bd7 7. O-O e6 8. Bg5 Be7 9. Bxc6 bxc6 10. e5 dxe5 11. Nf3 Qc7 12. Re1 O-O 13. Nxe5 Rfd8 14. Qf3 Be8 15. b3 Nd5 16. Bxe7 Qxe7 17. Ne4 f6 18. Nd3 e5 19. h4 Nc7 20. Nec5 Nb5 21. h5 Nd4 22. Qd1 Ne6 23. Nxe6 Qxe6 24. Qf3 Qd5 25. Qe2 h6 26. Rad1 Qd4 27. g4 Bf7 28. Kh2 Qc3 29. f3 Qa5 30. a4 c5 31. Nf2 c4 32. Rxd8+ Rxd8 33. Rc1 cxb3 34. cxb3 Rb8 35. Qe1 Qc7 36. b4 a6 37. b5 1/2-1/2

[Event "Polish Extraleague"]
[Site "Lubniewice"]
[Date "2003.09.07"]
[Round "9"]
[White "Jakubiec, Artur"]
[Black "Przewoznik, Jan"]
[Result "1-0"]
[WhiteElo "2537"]
[BlackElo "2408"]
[PlyCount "65"]
[EventDate "2003.08.30"]
[Source "Roberto Alvarez"]
[SourceDate "2003.09.15"]

1. e4 c5 2. Nf3 d6 3. d4 cxd4 4. Nxd4 Nf6 5. Nc3 Nc6 6. Bg5 e6 7. g3 h6 8. Be3 Bd7 9. Bg2 a6 10. O-O Be7 11. Qe2 O-O 12. Rad1 Qc7 13. f4 Rac8 14. Nb3 b5 15. a3 b4 16. axb4 Nxb4 17. Rf2 Bc6 18. f5 e5 19. g4 Nh7 20. Qd2 Qb8 21. Nc1 Qb7 22. Nd3 Nxd3 23. cxd3 Nf6 24. g5 hxg5 25. Bxg5 Ng4 26. f6 Bxf6 27. Bxf6 gxf6 28. Rf3 Qa7+ 29. Kh1 Bd7 30. Nd5 Kg7 31. Nxf6 Rh8 32. Qg5+ Kf8 33. Nxg4 1-0

[Event "Piloo Mody Open"]
[Site "Lucknow"]
[Date "2004.10.02"]
[Round "2"]
[White "Akshayraj, Kore"]
[Black "Kotsur, Pavel"]
[Result "1-0"]
[WhiteElo "2330"]
[BlackElo "2607"]
[PlyCount "93"]
[EventDate "2004.10.01"]
[Source "Roberto Alvarez"]
[SourceDate "2004.10.18"]

1. e4 c5 2. Nf3 d6 3. d4 cxd4 4. Nxd4 Nf6 5. Nc3 Nc6 6. Bg5 e6 7. Bc4 Qb6 8. Nb3 a6 9. a4 Qc7 10. a5 Be7 11. Be2 O-O 12. O-O Bd7 13. Be3 Rac8 14. f4 Nb4 15. Bf3 Bc6 16. Nd4 Rfe8 17. g4 Bf8 18. Bg2 e5 19. Nxc6 Qxc6 20. g5 exf4 21. Rxf4 Nd7 22. e5 d5 23. Nxd5 Qb5 24. Nxb4 Nxe5 25. Qd5 Ng6 26. Qxf7+ Kh8 27. Qxg6 hxg6 28. Rh4+ Kg8 29. Bd5+ Qxd5 30. Nxd5 Rxc2 31. b4 Re2 32. Rd1 Bd6 33. Bf4 R8e4 34. Nf6+ gxf6 35. Rxd6 fxg5 36. Bxg5 Rxh4 37. Bxh4 Re4 38. Bf2 Rxb4 39. Rxg6+ Kh7 40. Rb6 Rg4+ 41. Bg3 Rg7 42. Kg2 Kg8 43. Kf3 Rg5 44. Bc7 Rxa5 45. Rg6+ Kf7 46. Bxa5 Kxg6 47. Kg4 1-0

[Event "London NWYM"]
[Site "London"]
[Date "1988.??.??"]
[Round "?"]
[White "Westerinen, Heikki MJ"]
[Black "Rogers, Ian"]
[Result "0-1"]
[WhiteElo "2395"]
[BlackElo "2540"]
[PlyCount "127"]
[EventDate "1988.??.??"]
[Source "ChessBase"]

1. e4 c5 2. Nf3 Nc6 3. d4 cxd4 4. Nxd4 Nf6 5. Nc3 d6 6. Bg5 e6 7. Bb5 Bd7 8. Bxc6 bxc6 9. Qf3 Qa5 10. Bxf6 gxf6 11. Qxf6 Rg8 12. Nb3 Qh5 13. Qf3 Qxf3 14. gxf3 Bh6 15. Ke2 Ke7 16. Rhg1 Rg6 17. Rg4 e5 18. Rxg6 hxg6 19. Na5 Bf4 20. Rd1 Rh8 21. Nc4 Be6 22. Nxd6 Rxh2 23. Rd3 Rh1 24. Nd1 Bh3 25. Ne3 Ra1 26. a3 Rc1 27. Ndc4 Be6 28. c3 Bc8 29. Rd1 Rxd1 30. Kxd1 Ba6 31. b3 f6 32. Na5 Kd6 33. Nac4+ Kc7 34. Ng4 Bg5 35. Kc2 Bxc4 36. bxc4 Kb6 37. Nh2 Kc5 38. Kd3 Bc1 39. a4 Bg5 40. Ng4 Kb6 41. Kc2 Kc5 42. Kd3 Bh4 43. Nh6 Bxf2 44. Ng8 Bh4 45. Ne7 Kd6 46. Nxg6 Bg5 47. Ke2 a5 48. c5+ Kxc5 49. Ne7 f5 50. Ng6 fxe4 51. Nxe5 Kd5 52. Nf7 exf3+ 53. Kxf3 Bf6 54. Ke2 Bxc3 55. Kd3 Bf6 56. Nh6 Kc5 57. Ng4 Bg7 58. Ne3 Kb4 59. Nf5 Bf6 60. Nd6 c5 61. Ne4 c4+ 62. Kc2 Be5 63. Nd2 Bd6 64. Ne4 0-1

[Event "TUR-GEO Chess Summit"]
[Site "Ankara"]
[Date "2002.08.09"]
[Round "7"]
[White "Haznedaroglu, Kivanc"]
[Black "Jobava, Baadur"]
[Result "0-1"]
[WhiteElo "2370"]
[BlackElo "2562"]
[PlyCount "112"]
[EventDate "2002.08.05"]
[Source "ChessBase"]
[SourceDate "2002.09.11"]

1. e4 c5 2. Nf3 d6 3. d4 Nf6 4. Nc3 cxd4 5. Nxd4 Nc6 6. Bg5 e6 7. Bb5 Bd7 8. Bxc6 Bxc6 9. Nxc6 bxc6 10. e5 dxe5 11. Qf3 e4 12. Nxe4 Qa5+ 13. Nc3 Qe5+ 14. Be3 Nd5 15. O-O-O Be7 16. Bd4 Qg5+ 17. Kb1 O-O 18. h4 Qh6 19. g4 Qf4 20. Qxf4 Nxf4 21. h5 Rfd8 22. h6 g5 23. Ne4 f5 24. gxf5 exf5 25. Ng3 Rf8 26. Rhe1 Ng6 27. Bg7 Rf7 28. Re6 Bf8 29. Bf6 f4 30. Nf5 Bc5 31. Nd6 Rd7 32. Bxg5 Bxf2 33. Rf1 Nf8 34. Rf6 Bd4 35. Ne4 Rb7 36. R6xf4 Rxb2+ 37. Kc1 Rxa2 38. Nf6+ Bxf6 39. Bxf6 Ra5 40. Bc3 Rg5 41. Rf7 Rg6 42. R1f6 Rg1+ 43. Rf1 Rg3 44. Be5 Rg6 45. Bd4 Ne6 46. Bxa7 Rxh6 47. Re7 Rg6 48. Re1 Ng5 49. Rg1 Rd8 50. Be3 Nf7 51. Rf1 Nd6 52. Rh1 Rg7 53. Re6 Nc4 54. Bc5 Ra8 55. Bd4 Rg4 56. c3 Ra1+ 0-1

[Event "Manhattan Chess Club"]
[Site "?"]
[Date "1996.??.??"]
[Round "?"]
[White "Kreiman Boris"]
[Black "Fedorowicz John P"]
[Result "0-1"]
[WhiteElo "2415"]
[BlackElo "2515"]
[PlyCount "80"]
[EventDate "1996.??.??"]
[Source "www.chesslib.no"]
[SourceDate "2004.05.04"]

1. e4 c5 2. Nf3 Nc6 3. d4 cxd4 4. Nxd4 Nf6 5. Nc3 d6 6. Bg5 e6 7. Bb5 Bd7 8. Bxc6 bxc6 9. Qf3 Qb6 10. Nb3 Be7 11. O-O-O h6 12. Be3 Qc7 13. e5 dxe5 14. Bc5 Nd5 15. Ne4 f5 16. Qh5+ Kd8 17. Qf7 Re8 18. Ned2 Bxc5 19. Nxc5 Bc8 20. Qg6 Qe7 21. Ndb3 Kc7 22. Rd2 e4 23. c4 Nf6 24. Kb1 a5 25. a4 e5 26. Qg3 f4 27. Qc3 Bf5 28. Ka2 Reb8 29. Rhd1 Rxb3 30. Nxb3 e3 31. fxe3 Ne4 32. Qc2 Qb4 33. Rd3 Qxa4+ 34. Kb1 Qb4 35. exf4 a4 36. Nc1 Nc5 37. fxe5 a3 38. b3 Bxd3 39. Nxd3 a2+ 40. Qxa2 Nxd3 0-1

[Event "North American Open"]
[Site "Las Vegas"]
[Date "2003.12.26"]
[Round "1"]
[White "Rensch, Daniel"]
[Black "Shabalov, Alexander"]
[Result "1/2-1/2"]
[WhiteElo "2331"]
[BlackElo "2597"]
[PlyCount "95"]
[EventDate "2003.12.26"]
[Source "Roberto Alvarez"]
[SourceDate "2004.01.05"]

1. e4 c5 2. Nf3 Nc6 3. d4 cxd4 4. Nxd4 Nf6 5. Nc3 d6 6. Bg5 e6 7. Bb5 Bd7 8. Bxc6 bxc6 9. Qf3 h6 10. Bh4 Qb6 11. O-O-O Be7 12. Nb3 Qc7 13. e5 dxe5 14. Ne4 Nxe4 15. Bxe7 Kxe7 16. Qxe4 Rab8 17. Rhe1 c5 18. Qxe5 Qxe5 19. Rxe5 c4 20. Nd4 Kf6 21. f4 Rb7 22. h4 Rhb8 23. b3 Rc7 24. Kd2 Rb6 25. Ra5 Rd6 26. Ke3 cxb3 27. cxb3 Rb6 28. Rd2 a6 29. Rc2 Rxc2 30. Nxc2 Bc6 31. g3 Bd5 32. Kd4 Rd6 33. Nb4 Bb7+ 34. Ke3 Ke7 35. Nd3 f6 36. a4 Kd8 37. b4 Bc8 38. Nb2 Rb6 39. b5 axb5 40. Rxb5 Rc6 41. Kd4 Rc2 42. a5 Ba6 43. Rb6 Bf1 44. Rb3 Kd7 45. Rb4 Kd6 46. Rb6+ Kd7 47. Rb4 Kd6 48. Rb6+ 1/2-1/2

[Event "RUS-Cup"]
[Site "Bor"]
[Date "2000.??.??"]
[Round "4"]
[White "Bojarinov, Victor A"]
[Black "Chernyshov, Konstantin"]
[Result "1/2-1/2"]
[WhiteElo "2380"]
[BlackElo "2544"]
[PlyCount "110"]
[EventDate "2000.06.??"]
[Source "www.chesslib.no"]
[SourceDate "2004.05.04"]

1. e4 c5 2. Nf3 Nc6 3. d4 cxd4 4. Nxd4 Nf6 5. Nc3 d6 6. Bg5 e6 7. Bb5 Bd7 8. Bxc6 bxc6 9. Qf3 h6 10. Bh4 Qb6 11. Nb3 a5 12. O-O Be7 13. Rad1 Qc7 14. e5 dxe5 15. Rfe1 O-O 16. Bg3 c5 17. Bxe5 Qc8 18. Qg3 Rd8 19. Nd2 Bc6 20. Nde4 Ne8 21. Rxd8 Qxd8 22. Qe3 Qb6 23. b3 f6 24. Bd6 Nxd6 25. Nxd6 e5 26. Nf5 Bf8 27. Rd1 Rd8 28. Rxd8 Qxd8 29. Qd3 Qc8 30. Ne3 Qb7 31. h3 Be7 32. Qc4+ Kf8 33. Na4 Qb4 34. Nc3 Qb7 35. a4 Qb4 36. f3 Qxc4 37. Nxc4 Bd8 38. Ne4 Bd5 39. Kf1 Bxc4+ 40. bxc4 Bb6 41. Ke2 Ke7 42. g4 h5 43. Ng3 hxg4 44. fxg4 g5 45. Kf3 Ke6 46. Ke4 Bc7 47. Nf1 Bd8 48. Nd2 Bc7 49. Nb3 Bb6 50. c3 Kd6 51. Kf5 Bd8 52. Kg6 Kc6 53. Kf7 Kd6 54. Nd2 Kd7 55. Ne4 Be7 1/2-1/2